Paroles le jazz et la java-Claude Nougaro - Statistiques

Statistiques générales
  • Ce quiz a été pris 77 fois
  • Le résultat moyen est 256 sur 318
Statistiques - réponses
Réponse % Correct
est
100%
java
100%
jazz
100%
Jazz
100%
100%
La
100%
la
100%
le
100%
Quand
100%
quand
100%
se
100%
va
100%
a
98%
à
98%
dans
98%
de
98%
Il
98%
s'en
98%
y
96%
et
94%
Et
94%
gaz
94%
en
92%
l'air
92%
l'eau
92%
Entre
84%
entre
84%
l'orage
84%
qui
84%
me
73%
je
71%
Je
71%
au
69%
Pour
69%
pour
69%
un
69%
sa
65%
C'est
61%
c'est
61%
fait
59%
Mais
57%
son
57%
du
55%
malle
55%
Elle
53%
jour
53%
même
53%
mes
53%
Ses
49%
bas
47%
batterie
47%
ça
47%
donne
47%
pareil
47%
plus
47%
raciste
47%
traitant
47%
comme
45%
dos
45%
l'accordéoniste
45%
moi
45%
peu
45%
solo
45%
sous
45%
tout
45%
jupe
43%
mains
43%
patrie
43%
Chaque
41%
crie
41%
nom
41%
rue
41%
tempo
41%
fendue
39%
fond
39%
bravo
37%
dit
37%
faire
37%
qu'il
37%
râle
37%
s'installe
37%
Alors
35%
béat
35%
coeur
35%
pieds
35%
pouvoir
35%
doit
33%
gauloise
33%
j'écoute
33%
ainsi
31%
écrase
31%
marquer
31%
soit
31%
Harlem
29%
V'la
29%
bataille
27%
copain
27%
fesses
27%
petites
27%
frères
25%
m'engueule
25%
rage
25%
Bastille
24%
partage
24%
go men
22%
J'me
22%
tiens
22%
saoule
20%
m'noircis
12%
go hommes
10%
Aucun quiz correspondant
Distribution des résultats
% des personnes avec chaque résultat
Percentile par nombre de réponses
Votre historique - résultats
Vous n’avez pas pris ce quiz